000 00318nam a2200133Ia 4500
100 _aRamamrutham/S
942 _cBK
654 _ahydraulics
245 _aHydraulics Fluid Mechanics and Fluid Machines
260 _bDHANPAT RAI AND SONS
_aNew Delhi
_c1985
082 _a532
_bRAM
300 _a1192
546 _aENGLISH
999 _c34493
_d34493